000 00610nmc a2200241 a 4500
003 AR-BaBNM
005 20251128203450.0
008 017019s1980 ||||||||||||||000 | spa||
040 _cAR-BaBNM
100 1 _aBarr, G.
245 1 0 _aAplicaciones de la ciencia
250 _a1ยช ed.
260 _aBuenos Aires
_bKapelusz
_c1980
300 0 _a155 p.
_bil.
490 0 _aClub de ciencias
_vv. 3
650 4 _aCIENCIAS NATURALES
650 4 _aCIENCIA
650 4 _aEXPERIMENTOS CIENTIFICOS
650 4 _aACTIVIDADES DE APRENDIZAJE
700 1 _aWaltrip, M.
_eilustrador
942 _cBK
998 _cCarmen
999 _c3506
_d3506